| 000 | 01514pam a2200361 a 4500 | ||
|---|---|---|---|
| 999 |
_c24622 _d24622 |
||
| 001 | 724898 | ||
| 003 | OSt | ||
| 005 | 20170130082640.0 | ||
| 008 | 980122s1998 coua d 000 0 eng | ||
| 010 | _a 98010438 | ||
| 020 | _a1566080401 (pbk.) | ||
| 040 |
_aDLC _cDLC _dDLC |
||
| 042 | _alcac | ||
| 050 | 0 | 0 |
_aREF PN3175 _b.E55 1998 |
| 082 | 0 | 0 |
_a792 _221 |
| 100 | 1 |
_aEngelsman, Alan, _d1932- |
|
| 245 | 1 | 0 |
_aTheatre arts 2 student handbook : _bon-stage and off-stage roles : fitting the pieces together / _cAlan Engelsman and Penny Engelsman. |
| 246 | 3 | _aTheatre arts two student handbook | |
| 246 | 3 | 0 | _aTheatre arts 2 |
| 246 | 3 | _aTheatre arts two | |
| 250 | _a2nd ed. | ||
| 260 |
_aColorado Springs, Colo. : _bMeriwether Pub., _cc1998. |
||
| 300 |
_a228 p. : _bill. ; _c28 cm. |
||
| 520 | _aPresents units on many aspects of theater, including playwriting, monologues, puppetry, set design, theater business, makeup, acting, directing, and theater history. | ||
| 650 | 0 | _aCollege and school drama. | |
| 650 | 0 |
_aAmateur theater _xProduction and direction. |
|
| 650 | 0 | _aYoung adult drama, American. | |
| 650 | 1 |
_aTheater _xProduction and direction. |
|
| 700 | 1 |
_aEngelsman, Penny, _d1943- |
|
| 906 |
_a7 _bcbc _corignew _d1 _eocip _f19 _gy-gencatlg |
||
| 942 |
_2lcc _cBOOKS _hREF PN 3175 .E55 1998 |
||